00258nam a2200121Ia 4500008004100000100000900041245002000050260002500070300000700095650001000102942000700112999001700119190216s9999||||xx |||||||||||||| ||und|| aNull 0aHindi-Dusra Sam bPragathi Prakashan a96 aHindi cBK c15656d15656